000 00632nam a22002297a 4500
003 UA-OsUOA
001 67838
007 ta
008 20100316b un ||||| |||| 00| 0 ukr d
100 _aШляхов А. Р.
090 _a343.148
_bШ70
942 _cBK
040 _aUA-OsUOA
_brus
_cUA-OsUOA
_dUA-OsUOA
245 _aТеория и практика криминалистической экспертизы
300 _a445 с.
955 _a2
041 _arus
080 _a343.148
260 _aМ.
_c1962
650 7 _a343 Кримінальне право. Карні порушення
_2UDC
999 _c353961
_d353961